000 00580nam a2200241 a 4500
001 nice12345678
003 IN_TiNIC
005 20260116014012.0
008 050524s2004 newa grp 000 0 eng
020 _a0141430
_c375
082 0 0 _a808.3
_bSHA
100 _aShah Nawaz, Mumtaz
245 _aHeart Divided, a Novel
260 _aNew Delhi
_bPenguin Books
_c2004
300 _a451p
500 _aincludes index and biblioraphy
505 2 _aNotes
650 _aFiction
700 1 _aShah Nawaz, Mumtaz
902 _bSRS
942 _cBK
999 _c13452
_d13452